Mauritius : Staff Report for the 2004 Article IV Consultation.

This 2004 Article IV Consultation highlights that real GDP growth of Mauritius is expected to rebound to about 4 1\2 percent in 2003/04. This largely reflects the recovery of tourism and sugar production, and continued strong construction and transportation activity. The current account is projected...

Ful tanımlama

Detaylı Bibliyografya
Müşterek Yazar: International Monetary Fund
Materyal Türü: Dergi
Dil:English
Baskı/Yayın Bilgisi: Washington, D.C. : International Monetary Fund, 2005.
Seri Bilgileri:IMF Staff Country Reports; Country Report ; No. 2005/281
Online Erişim:Full text available on IMF
LEADER 01600cas a2200241 a 4500
001 AALejournalIMF003739
008 230101c9999 xx r poo 0 0eng d
020 |c 5.00 USD 
020 |z 9781451827811 
022 |a 1934-7685 
040 |a BD-DhAAL  |c BD-DhAAL 
110 2 |a International Monetary Fund. 
245 1 0 |a Mauritius :   |b Staff Report for the 2004 Article IV Consultation. 
264 1 |a Washington, D.C. :  |b International Monetary Fund,  |c 2005. 
300 |a 1 online resource (64 pages) 
490 1 |a IMF Staff Country Reports 
500 |a <strong>Off-Campus Access:</strong> No User ID or Password Required 
500 |a <strong>On-Campus Access:</strong> No User ID or Password Required 
506 |a Electronic access restricted to authorized BRAC University faculty, staff and students 
520 3 |a This 2004 Article IV Consultation highlights that real GDP growth of Mauritius is expected to rebound to about 4 1\2 percent in 2003/04. This largely reflects the recovery of tourism and sugar production, and continued strong construction and transportation activity. The current account is projected to remain in surplus with the recovery of the tourism sector offsetting a widening in the trade deficit. The capital and financial account is projected to register a small deficit of 0.8 percent of GDP in 2003/04 compared with a surplus in 2002/03. 
538 |a Mode of access: Internet 
830 0 |a IMF Staff Country Reports; Country Report ;  |v No. 2005/281 
856 4 0 |z Full text available on IMF  |u http://elibrary.imf.org/view/journals/002/2005/281/002.2005.issue-281-en.xml  |z IMF e-Library